| 000 | 00614nam a2200217 i 4500 | ||
|---|---|---|---|
| 001 | 58284 | ||
| 003 | ES-MaACL | ||
| 005 | 20230906163752.0 | ||
| 007 | t| | ||
| 008 | 031021s1970 sp a |||| | spa d | ||
| 100 | 1 |
_aDurán Abarca, José. _946203 |
|
| 245 | 1 | 3 |
_aLa dirección / _cJosé Durán Abarca. |
| 250 | _a1ª ed. | ||
| 260 |
_aBarcelona : _bCeac, _c1970. |
||
| 300 |
_a246 p. : _bil. ; _c21 cm. |
||
| 490 | 1 | _aBiblioteca Ceac del automóvil | |
| 650 | 4 |
_aAutomóviles- _xDirección. _9165671 |
|
| 830 | 0 |
_aBiblioteca Ceac del automóvil _9181990 |
|
| 852 |
_aES-MaACL _jC-47547 |
||
| 999 |
_c58284 _d58284 |
||